Introducción a las teorías modernas del crecimiento económico / (Registro nro. 8357)
[ vista simple ]
| 000 -LEADER | |
|---|---|
| fixed length control field | 01556nam a2200289Ia 4500 |
| 003 - CONTROL NUMBER IDENTIFIER | |
| control field | OSt |
| 005 - DATE AND TIME OF LATEST TRANSACTION | |
| control field | 20210817124821.0 |
| 008 - FIXED-LENGTH DATA ELEMENTS--GENERAL INFORMATION | |
| fixed length control field | 210310s1988 sp ad gr 001 0 spa d |
| 020 ## - INTERNATIONAL STANDARD BOOK NUMBER | |
| International Standard Book Number | 847162785X |
| 040 ## - CATALOGING SOURCE | |
| Original cataloging agency | CO-JMCR |
| Transcribing agency | CO-JMCR |
| 041 1# - LANGUAGE CODE | |
| Language code of text/sound track or separate title | spa |
| Language code of original | eng |
| 082 04 - DEWEY DECIMAL CLASSIFICATION NUMBER | |
| Classification number | 338.91 / |
| Item number | J762i |
| Edition number | 23 |
| 100 1# - MAIN ENTRY--PERSONAL NAME | |
| Personal name | Jones, Hywel, |
| 9 (RLIN) | 17035 |
| Relator term | autor |
| 245 10 - TITLE STATEMENT | |
| Title | Introducción a las teorías modernas del crecimiento económico / |
| Statement of responsibility, etc. | Hywel Jones ; traducción de Eugeni Aguiló y Antonio Menduiña |
| 250 ## - EDITION STATEMENT | |
| Edition statement | Segunda edición |
| 260 ## - PUBLICATION, DISTRIBUTION, ETC. | |
| Place of publication, distribution, etc. | Barcelona : |
| Name of publisher, distributor, etc. | Antonio Bosch, |
| Date of publication, distribution, etc. | 1988 |
| 300 ## - PHYSICAL DESCRIPTION | |
| Extent | xiv, 313 páginas : |
| Other physical details | ilustraciones y gráficas a blanco y negro ; |
| Dimensions | 22 cm. |
| 490 0# - SERIES STATEMENT | |
| Series statement | Economía ; |
| Volume/sequential designation | 2 |
| 500 ## - GENERAL NOTE | |
| General note | Incluye notas a pie de página e índice de autores y de materias.<br/>Título original: Modern theories of economic growth |
| 504 ## - BIBLIOGRAPHY, ETC. NOTE | |
| Bibliography, etc. note | Bibliografía: páginas [293]-307 |
| 505 0# - FORMATTED CONTENTS NOTE | |
| Formatted contents note | Crecimiento económico: teorías, modelos y "realidad" -- Conceptos y métodos de la teoría del crecimiento -- El modelo del crecimiento económico de Harrod-Domar -- El modelo de crecimiento neoclásico unisectorial -- Modelos de crecimiento económico bisectoriales -- La critica de Cambridge -- Las acepciones sencillas del progreso técnico -- La transmisión y las causas del progreso técnico -- Crecimiento económico y bienestar |
| 546 ## - LANGUAGE NOTE | |
| Language note | Traducido del inglés. |
| 650 14 - SUBJECT ADDED ENTRY--TOPICAL TERM | |
| Topical term or geographic name entry element | Desarrollo económico |
| 9 (RLIN) | 17037 |
| General subdivision | Modelos matemáticos |
| 700 1# - ADDED ENTRY--PERSONAL NAME | |
| Personal name | Aguiló, Eugeni, |
| Relator term | traductora |
| 9 (RLIN) | 39419 |
| 700 1# - ADDED ENTRY--PERSONAL NAME | |
| Personal name | Menduiña, Antonio, |
| Relator term | traductor |
| 9 (RLIN) | 39420 |
| 942 ## - ADDED ENTRY ELEMENTS (KOHA) | |
| Source of classification or shelving scheme | Dewey Decimal Classification |
| Koha item type | Books |
| Withdrawn status | Lost status | Source of classification or shelving scheme | Damaged status | Not for loan | Collection code | Home library | Current library | Date acquired | Source of acquisition | Full call number | Barcode | Date last seen | Copy number | Koha item type |
|---|---|---|---|---|---|---|---|---|---|---|---|---|---|---|
| Dewey Decimal Classification | Non-fiction | Biblioteca Pública José María del Castillo y Rada | Biblioteca Pública José María del Castillo y Rada | 04/15/2018 | Donación | 338.91 / J762i | 430006282 | 05/16/2024 | Ej.1 | Books |